Central Library OPAC University of Rajshahi

Biology and Ecology of Cyprinus Carpio var. Specularis (Linnaeus) with Refernce to its Fishery in Rajshahi / (Record no. 79859)

MARC details
000 -LEADER
fixed length control field 00901nam a2200241 a 4500
001 - CONTROL NUMBER
RUCL Control Number 79859
003 - CONTROL NUMBER IDENTIFIER
rucl marc code BD-RjUL
005 - DATE AND TIME OF LATEST TRANSACTION
control field 20230129110917.0
008 - FIXED-LENGTH DATA ELEMENTS--GENERAL INFORMATION
fixed length control field 220526s2011 bg a|||| m||| 00| 0 eng d
035 ## - SYSTEM CONTROL NUMBER
system control number (BD-RjUL)79859
040 ## - CATALOGING SOURCE
Original cataloging agency BD-RjUL
Language of cataloging eng
Transcribing agency BD-RjUL
Modifying agency BD-RjUL
041 ## - LANGUAGE CODE
Language code of Book eng
082 ## - DEWEY DECIMAL CLASSIFICATION NUMBER
Classification number 597.483
Author mark and Year JAB 2011
DDC Edition number 23
100 ## - MAIN ENTRY--PERSONAL NAME
Personal name Jahan, Mousumi
9 (RLIN) 3210
245 01 - TITLE STATEMENT
Title Biology and Ecology of Cyprinus Carpio var. Specularis (Linnaeus) with Refernce to its Fishery in Rajshahi /
Statement of responsibility, etc Mousumi Jahan ;
Name of Supervisor/Co-Supervisor Supervisor : Md. Delwer Hossain
260 ## - PUBLICATION, DISTRIBUTION, ETC. (IMPRINT)
Place of publication, distribution, etc Rajshahi :
Name of publisher, distributor, etc Department of Fisheries, University of Rajshahi,
Date of publication, distribution, etc 2011
300 ## - PHYSICAL DESCRIPTION
Pagination vii, 72 Leaves :
Other physical details ill, ;
Dimensions 29 cm.
502 ## - DISSERTATION NOTE
Dissertation note Thesis (M. Phil.) -- Department of Fisheries, University of Rajshahi, 2011
504 ## - BIBLIOGRAPHY, ETC. NOTE
Bibliography, etc Refercnces : Leaves 54-62
650 ## - SUBJECT ADDED ENTRY--TOPICAL TERM
Topical term or geographic name as entry element Specularis
9 (RLIN) 3211
700 ## - ADDED ENTRY--SUPERVISOR/CO-SUPERVISOR NAME
Personal name Hossain, Md. Delwer, Supervisor
9 (RLIN) 3212
942 ## - ADDED ENTRY ELEMENTS (KOHA)
Source of classification or shelving scheme Dewey Decimal Classification
Koha item type Theses
Holdings
Source of classification or shelving scheme Damaged status Not for loan Collection code Permanent Location Current Location Shelving location Date of accession Source of acquisition Full call number Barcode Date last seen Copy number Thesis
Dewey Decimal Classification   Not For Loan Theses Central Library, University of Rajshahi Central Library, University of Rajshahi Documentation Section 24/03/2012 Controller of Exam.; R.U. THE 597.483 JAB 2011 D3316 26/05/2022 c-1 Theses